| 000 | 00467nam a2200181Ia 4500 | ||
|---|---|---|---|
| 001 | 21199 | ||
| 005 | 20260306172901.0 | ||
| 008 | 260306t2007||||xx |||||||||||||| ||spa|| | ||
| 041 | _aESP | ||
| 082 |
_a344.2 _bG68 |
||
| 100 |
_aGómez-Jara Díez, Carlos _eAUT |
||
| 245 | 0 | _aCulpabilidad y pena en una teoría constructivista del derecho penal | |
| 260 | _c2007 | ||
| 300 |
_a95 páginas : _ccm. |
||
| 650 | _aGEN | ||
| 654 | _aCDE | ||
| 942 |
_cLIB _dJUS _fJUS _2ddc _n |
||
| 999 |
_c21199 _d21199 |
||